Każda odpowiedź zaczyna się na inną literę 3 - Statystyki

Ogólne statystyki
  • Ten quiz został rozwiązany 182 razy
  • Średni wynik to 16 z 31
Statystyki odpowiedzi
Podpowiedź Odpowiedź % Poprawnych
Niedawno Niderlandy Holandia
90%
Osoba która jest nadzwyczaj niska Karzeł
87%
Po angielsku parasol Umbrella
80%
Sposób wybierania króla Elekcja
76%
126p Fiat
76%
Stolica północnego sąsiad Ukrainy Mińsk
71%
Potocznie wymioty Żygi
70%
Nazwisko pierwszego, który latał w kosmosie Gagarin
69%
Półwysep na którym znajduje się Gibraltar Iberyjski
68%
Najczęściej kupowany model Toyoty Yaris
67%
Kraj który ma na fladze kształt swojego kraju Cypr
64%
Nazwa stanu który jest północny i południowy Dakota
61%
Sąsiad Chin i Kambodży Laos
61%
W tym mieście znajdziesz 382 krasnali Wrocław
59%
Biało-zielone warzywo Por
55%
Stolica Madagaskaru Antananarywa
49%
Pomiędzy Ustką a Władysławowem Łeba
49%
Może być fizyczne, kondycyjne, umysłowe Ćwiczenie
47%
Jedyny kraj poza USA w którym zwykły cywil może posiadać broń Jemen
47%
Wolny zwierz Ślimak
43%
Negacja Nie
40%
Nazwisko słynnego człowieka renesansu Vinci
36%
Samoczynny wypływ wody podziemnej na powierzchnię Ziemi. Źródło
32%
Dziewiąty miesiąc kalendarza muzułmańskiego Ramadan
29%
Zaimek towarzyszący rzeczownikowi, wyróżniający kogoś lub coś spośród innych Ów
26%
Rejon w połnocno-zachodniej Francji Bretania
24%
Wyspy na oceanie Spokojnym Seszele
23%
Określenie formatu pliku arkusza kalkulacyjnego XLS
21%
Największa wyspa Bałtyku Zelandia
17%
Татуировки Tatuaże
12%
Rechtshreibung Ortografia
6%
Nie znaleziono quizów pasujących do podanych kryteriów
Rozkład punktacji
Procent ludzi z każdym wynikiem
Percentyl według liczby udzielonych odpowiedzi
Twoja historia wyników
Nie rozwiązałeś tego quizu